Loading...
Principles of surveying
| Main Author: | |
|---|---|
| Format: | Printed Book |
| Language: | Undetermined English |
| Published: |
Virginia
Reston publishers
1978
|
| Edition: | 2 |
| Subjects: |
| LEADER | 00556nam a2200181Ia 4500 | ||
|---|---|---|---|
| 008 | 140306s9999 xx 000 0 und d | ||
| 041 | |a eng | ||
| 082 | |a 624 |b HER/PR | ||
| 100 | |a Herubin, C.A | ||
| 245 | |a Principles of surveying | ||
| 250 | |a 2 | ||
| 260 | |a Virginia |b Reston publishers |c 1978 | ||
| 300 | |a 323 | ||
| 365 | |b USD.15.95 | ||
| 650 | |a Civil engineering | ||
| 942 | |2 ddc |c BK | ||
| 999 | |c 117029 |d 117029 | ||
| 952 | |0 0 |1 0 |2 ddc |4 0 |6 624_000000000000000_HERPR |7 0 |9 115813 |a KAUHCV |b KAUHCV |d 2004-04-29 |g 15.95 |o 624 HER/PR |p KAU_HCV-10578 |r 2014-03-22 |w 2014-03-22 |y BK | ||